000 00354nam a22001577a 4500
003 SGT
020 _a978-93-86056-97-9
082 _a612
_bC17P
100 _aPAL, G.K.
245 _aCOMPREHENSIVE TB. OF MEDICAL PHYSIOLOGY
250 _a1ST
260 _aINDIA
_bJAYPEE PUB.
_c2017
300 _a726
650 _aPHYSIOLOGY
942 _2ddc
_cBK
_0106
999 _c16964
_d16964